书目信息 |
| 题名: |
eNSP网络应用实验
|
|
| 作者: | 高悦 , 贾文 , 高振江 编著 | |
| 分册: | ||
| 出版信息: | 西安 西安电子科技大学出版社 2021.06 |
|
| 页数: | 151页 | |
| 开本: | 23cm | |
| 丛书名: | ||
| 单 册: | ||
| 中图分类: | TP393-33 | |
| 科图分类: | ||
| 主题词: | 计算机网络--ji suan ji wang lao--实验--高等教育--教材 | |
| 电子资源: | ||
| ISBN: | 978-7-5606-6072-1 | |
| 000 | 01261nam0 2200253 450 | |
| 001 | 011025153633 | |
| 005 | 20221025153633.0 | |
| 010 | @a978-7-5606-6072-1@dCNY29.00 | |
| 100 | @a20201004d2021 em y0chiy0120 ea | |
| 101 | 0 | @achi |
| 102 | @aCN@b610000 | |
| 105 | @aa z 000yy | |
| 106 | @ar | |
| 200 | 1 | @aeNSP网络应用实验@AeNSPwang lao ying yong shi yan@f高悦, 贾文, 高振江编著 |
| 210 | @a西安@c西安电子科技大学出版社@d2021.06 | |
| 215 | @a151页@c图@d23cm | |
| 300 | @a普通高等教育计算机类课改系列教材 | |
| 330 | @a本书是基于华为eNSP的计算机网络技术实验指导书,详细介绍了eNSP软件实验平台的功能和使用方法,并在此实验平台上通过对路由器和交换机的配置,实现网络构建和互联,同时还结合实践过程讲解了计算机网络应用中基本的路由器和网络互联、交换式以太网、三层交换机、虚拟局域网、路由协议等技术和实验方法,可作为学习计算机网络应用技术的实验参考。另外,本书对网络安全、动态主机配置、网络地址转换、生成树、链路聚合和IPv6等技术的实现也做了深入的探讨,为理解和实现复杂交换式以太网和互联网提供了理论和实践指导。 | |
| 606 | 0 | @a计算机网络@Aji suan ji wang lao@x实验@x高等教育@j教材 |
| 690 | @aTP393-33@v5 | |
| 701 | 0 | @a高悦@Agao yue@4编著 |
| 701 | 0 | @a贾文@Ajia wen@4编著 |
| 701 | 0 | @a高振江@Agao zhen jiang@4编著 |
| 905 | @a河南城建学院图书馆@dTP393-33@eG201 | |
| eNSP网络应用实验/高悦, 贾文, 高振江编著.-西安:西安电子科技大学出版社,2021.06 |
| 151页:图;23cm |
| 普通高等教育计算机类课改系列教材 |
| ISBN 978-7-5606-6072-1:CNY29.00 |
| 本书是基于华为eNSP的计算机网络技术实验指导书,详细介绍了eNSP软件实验平台的功能和使用方法,并在此实验平台上通过对路由器和交换机的配置,实现网络构建和互联,同时还结合实践过程讲解了计算机网络应用中基本的路由器和网络互联、交换式以太网、三层交换机、虚拟局域网、路由协议等技术和实验方法,可作为学习计算机网络应用技术的实验参考。另外,本书对网络安全、动态主机配置、网络地址转换、生成树、链路聚合和IPv6等技术的实现也做了深入的探讨,为理解和实现复杂交换式以太网和互联网提供了理论和实践指导。 |
| ● |
| 相关链接 |
|
|
|
正题名:eNSP网络应用实验
索取号:TP393-33/G201
 
预约/预借
| 序号 | 登录号 | 条形码 | 馆藏地/架位号 | 状态 | 备注 |
| 1 | 1588804 | 215888047 | 自科库301/301自科库 133排1列4层/ [索取号:TP393-33/G201] | 在馆 |